000 00354nam a2200133Ia 4500
008 240624s9999 xx 000 0 und d
041 _aeng
082 _a331 MAM
100 _aMAMORIA C B
245 _aDYNAMICS OF INDUSTRIAL RELATIONS IN INDI
260 _c2008
_aNew Delhi
_bHimalaya Publishing House
300 _a793 : p. : cm ; 24
365 _cRS
_b25
999 _c13420
_d13420